000 00325nam a2200169Ia 4500
100 _aSklar/David
650 _aPHP
942 _cBK
366 _f20
654 _aPHP
245 _aLearning PHP 5
260 _bOreilly
_c2004
082 _a5.183
_bSKL
300 _a348
546 _aENGLISH
_celectronics
999 _c32682
_d32682